NBA 2k 22 Highest overall test - Statistics

General Stats
  • This quiz has been taken 154 times
  • The average score is 12 of 30
Answer Stats
Hint Answer % Correct
99 lebron
86%
97 curry
82%
99 jordan
72%
97 durant
68%
98 Shaq
57%
98 bird
56%
98 kobe
54%
99 kareem
52%
98 wilt
50%
99 magic
49%
98 duncan
39%
98 hakeem
39%
97 west
39%
98 bill
34%
97 pippen
34%
97 malone
33%
98 Garnett
32%
97 wade
32%
98 dirk
30%
97 iverson
29%
97 paul
28%
97 stockton
28%
97 nash
25%
98 oscar
19%
96 kawhi
18%
97 karl
16%
96 clyde
15%
97 julius
15%
97 Walt
14%
96 carter
11%
No matching quizzes found
Score Distribution
Percent of People with Each Score
Percentile by Number Answered
Your Score History
You have not taken this quiz